[Event "XII Americas Continental-ch 2017"]
[Site "Medellin"]
[Date "2017.06.13"]
[Round "5"]
[White "Quinonez Garcia, Santiago"]
[Black "Flores, Diego"]
[Result "0-1"]
[WhiteElo "2379"]
[BlackElo "2567"]
[Annotator "TA"]
[PlyCount "83"]
[EventDate "2017.??.??"]
[EventType "swiss"]
[EventCountry "COL"]
[SourceTitle "playchess.com"]
[Source "ChessBase"]
[SourceQuality "1"]

{[%evp 13,83,0,7,-129,-119,-154,-151,-163,-145,-158,-166,-161,-155,-183,-195,-186,-210,-201,-204,-175,-180,-193,-197,-179,-191,-218,-187,-212,-201,-182,-162,-214,-209,-200,-200,-229,-238,-315,-320,-425,-408,-419,-404,-431,-434,-427,-413,-419,-431,-493,-438,-434,-430,-1414,-1446,-1459,-1408,-1393,-1390,-1291,-1272,-1169,-868,-837,-791,-29937,-12849,-12841,-6937,-7143,-6431,-6103]} 1. d4 Nf6 2. Bf4 d6 3. e3 g6 4. h3 Bg7 5. Nf3 O-O 6. Be2 c5 7. c3 Qb6 {LiveBook: 114 Games} 8. Na3 {A48: 1 d4 Nf6 2 Nf3 g6: Torre, London and Colle Systems} (8. Qb3 $11 {remains equal.}) (8. Qb3 Be6 9. Qxb6 axb6 10. a3 Bd5 11. O-O Bc6 12. Nbd2 Nbd7 13. Rfe1 Rfd8 14. Bh2 b5 15. Bf1 e5 16. e4 exd4 17. cxd4 d5 18. e5 {0-1 (54) Morozevich,A (2722)-Grischuk,A (2777) Loo 2014}) 8... Qxb2 $146 ({Predecessor:} 8... cxd4 9. Nc4 Qd8 10. exd4 b6 11. O-O Bb7 12. Qd2 Nbd7 13. Bh6 Rc8 14. Bxg7 Kxg7 15. Ne3 e6 {½-½ (67) Frick,C (2243)-Werner,C (2334) Radebeul 2016}) 9. Nc4 Qxc3+ 10. Nfd2 {Black is clearly better.} Bd7 11. O-O cxd4 12. a3 {[#]} dxe3 $1 13. Rc1 exf2+ 14. Rxf2 Qd4 {Threatens to win with ...Nd5.} 15. Be3 Qd5 16. Bf3 Qe6 {And now ...d5 would win.} 17. Bxb7 Nc6 {Strongly threatening ...d5.} 18. Bxa8 Rxa8 19. Re2 Qd5 20. Nf3 Qxd1+ 21. Rxd1 Rb8 22. Nd4 (22. Bf2 {might work better.}) 22... Nd5 $19 {...Nc3 is the strong threat.} 23. Nxc6 Bxc6 24. Bxa7 Ra8 25. Nb6 Nc3 (25... Rxa7 26. Nxd5 Be5 27. Rc2 $17) 26. Rxe7 Rxa7 $1 ({Not} 26... Nxd1 27. Nxa8 Bf8 28. Re1 $11) 27. Rxa7 Nxd1 28. Rc7 {Hoping for Rc8+.} Bd4+ 29. Kh2 Be4 (29... Bxb6 $2 30. Rxc6 Bc5 31. Rc8+ Kg7 32. a4 $17) 30. Nc4 d5 {[%cal Bd6d5,Bd5e4,Be4e3][%mdl 32]} 31. Rc8+ Kg7 32. Nd2 Ne3 33. Nxe4 {[%mdl 4096] Endgame KRN-KBN} (33. g3 $142) 33... Nf1+ 34. Kh1 dxe4 35. g4 e3 36. Kg2 e2 37. Rc1 {[#]} Bc3 $1 {[%mdl 512]} 38. Kf2 {[#]} (38. Rxc3 e1=Q) 38... Ng3 $1 {[%mdl 512]} 39. Rxc3 (39. Kxg3 e1=Q+) 39... Ne4+ 40. Kxe2 {Black is clearly winning.} Nxc3+ 41. Kd3 Na4 42. Kd4 {Precision: White = 51%, Black = 94%.} 0-1

[Event "XII Americas Continental-ch 2017"]
[Site "Medellin"]
[Date "2017.06.13"]
[Round "5"]
[White "Aranha Filho, Alvaro Z"]
[Black "Garcia Pantoja, Roberto"]
[Result "0-1"]
[WhiteElo "2355"]
[BlackElo "2500"]
[Annotator "TA"]
[PlyCount "118"]
[EventDate "2017.??.??"]
[EventType "swiss"]
[EventCountry "COL"]
[SourceTitle "playchess.com"]
[Source "ChessBase"]
[SourceQuality "1"]

{[%evp 25,118,0,0,-1,2,2,1,-3,0,-7,9,10,4,9,14,6,8,9,13,15,14,0,0,2,4,0,0,0,0,0,0,0,0,0,0,0,0,0,0,0,1,0,0,0,0,0,0,0,0,0,0,0,0,0,-10,-8,0,-15,-11,-11,-18,-37,-32,-33,-50,-43,-8,-8,-8,-8,-8,-8,-15,-8,-8,-8,-8,0,-3,-8,-8,-77,-54,-1676,-1498,-2475,-2310,-29969,-29971,-29982,-29983,-29983,-29984,-29984,-29982]} 1. d4 Nf6 2. c4 e6 3. Nf3 d5 4. Nc3 Be7 5. Bg5 O-O 6. e3 h6 7. Bh4 b6 8. Bd3 dxc4 9. Bxc4 Bb7 10. O-O Nbd7 11. Qe2 Ne4 12. Bxe7 Qxe7 13. Nxe4 Bxe4 14. Bd3 {D58: Queen's Gambit Declined: Tartakower Defence} Bxd3 (14... Bxf3 $5 15. Qxf3 c5 $11) 15. Qxd3 c5 {[#]} 16. Qa3 $146 {The position is equal.} ({Predecessor:} 16. Rfd1 Rfd8 17. h3 cxd4 18. Nxd4 Rac8 19. Qe2 Ne5 20. Nf3 Nxf3+ 21. Qxf3 Rxd1+ 22. Rxd1 {½-½ (29) Zhao,J (2560)-Wen,Y (2532) Beijing 2009}) 16... Rfd8 17. Rfd1 Kf8 18. Rac1 cxd4 {Hoping for ...Qxa3.} 19. Qxe7+ Kxe7 20. Nxd4 Rdc8 21. Kf1 g6 22. Ke2 a5 23. Nb5 (23. f4 {with more complications.} Nc5 24. g4 f6 25. h4 e5 26. fxe5 fxe5 27. Nb5) 23... Rxc1 24. Rxc1 $11 {[%mdl 4096] Endgame KRN-KRN} Nc5 25. Rc2 g5 26. f3 f5 27. Rd2 Rc8 28. Na7 Rc7 29. Nb5 Rc8 30. Na7 Rc7 31. Nb5 Rd7 32. Nd4 Rd6 33. Nb5 Rd7 34. Nd4 Kf6 35. Nb5 Rxd2+ 36. Kxd2 {KN-KN} Ke5 37. Na3 Kd5 38. b3 Nd7 39. Kd3 Ne5+ 40. Ke2 Nc6 41. Nc2 e5 42. g3 b5 43. h4 gxh4 44. gxh4 h5 45. Kd3 e4+ 46. Ke2 Kc5 {With the idea ...Nb4.} 47. f4 Nb4 48. Kd2 Nxa2 {...Nb4 is the strong threat.} 49. Nd4 Nb4 50. Nxf5 Nd5 {Threatens to win with ...Kb4.} 51. Ng3 Kb4 52. Nxe4 Kxb3 {[#] Strongly threatening ...a4.} 53. Nc5+ (53. f5 $11) 53... Kc4 $17 54. Nd3 $2 {[%mdl 8192]} (54. Ne4 $15) 54... a4 $19 {[%cal Ba5a4,Ba4a3,Ba3a2][%mdl 32]} 55. e4 a3 56. Ne5+ Kb3 {Black mates.} 57. Nd3 {[#]} Nxf4 $1 {[%mdl 512]} 58. Nc1+ (58. Nxf4 a2) 58... Kb2 59. e5 a2 {Precision: White = 63%, Black = 90%.} 0-1

[Event "XII Americas Continental-ch 2017"]
[Site "Medellin"]
[Date "2017.06.13"]
[Round "5"]
[White "Baules, Jorge"]
[Black "Vera Siguenas, Deivy"]
[Result "*"]
[WhiteElo "2355"]
[BlackElo "2526"]
[Annotator "TA"]
[PlyCount "31"]
[EventDate "2017.??.??"]
[EventType "swiss"]
[EventCountry "COL"]
[SourceTitle "playchess.com"]
[Source "ChessBase"]
[SourceQuality "1"]

{[%evp 14,22,36,41,49,41,57,59,75,59,77]} 1. d4 Nf6 2. c4 g6 3. g3 Bg7 4. Bg2 O-O 5. Nc3 d6 6. Nf3 {[%cal Bg1f3,Bf3e1,Be1d3][%mdl 32]} Nc6 7. O-O Bf5 8. Ne1 e5 {E62: King's Indian: Fianchetto: 6...c6 and Panno Variation (6...Nc6) without ...a6} (8... Bd7 9. h3 e5 10. d5 Ne7 11. Nd3 b6 12. e4 Ne8 13. b4 a5 14. bxa5 Rxa5 15. a4 f5 16. Bd2 {1-0 (47) Wang,H (2717)-Fressinet,L (2700) Huaian 2016}) 9. d5 Ne7 10. e4 Bd7 11. Nd3 Ne8 {Predecessor:} 12. Bd2 $146 b6 13. Qe2 a5 14. f4 exf4 15. gxf4 Qc8 16. e5 {1-0 (50) Bocharov,D (2585)-Wang,R (2478) ICC INT 2005} *

[Event "XII Americas Continental-ch 2017"]
[Site "Medellin"]
[Date "2017.06.14"]
[Round "6"]
[White "Bachmann, Axel"]
[Black "Cruz, Cristhian"]
[Result "1-0"]
[WhiteElo "2653"]
[BlackElo "2558"]
[Annotator "TA"]
[PlyCount "59"]
[EventDate "2017.??.??"]
[EventType "swiss"]
[EventCountry "COL"]
[SourceTitle "playchess.com"]
[Source "ChessBase"]
[SourceQuality "1"]

{[%evp 23,59,29,17,24,9,0,37,33,46,25,102,104,106,106,112,96,84,102,97,104,116,124,158,144,268,280,385,318,316,312,526,519,513,506,1148,1064,1153,677]} 1. d4 Nf6 2. c4 e6 3. Nf3 Bb4+ 4. Bd2 c5 5. Bxb4 cxb4 6. g3 O-O 7. Bg2 d6 8. O-O Nc6 9. a3 bxa3 10. Rxa3 e5 11. Nc3 Bg4 12. d5 Nb4 13. Ne1 {E11: Bogo-Indian} a5 14. Qd2 Nd7 $146 ({Predecessor:} 14... Bf5 15. e4 Bg6 16. f4 exf4 17. gxf4 Qb6+ 18. Kh1 Rfe8 19. f5 Bh5 20. Na4 Qd8 {0-1 (36) Pacher,M (2499)-Haring,V (2125) Tatranske Zruby 2016}) 15. Nd3 {White is slightly better.} Nxd3 16. exd3 b6 (16... Nc5 $11) 17. Nb5 $16 Nc5 18. d4 exd4 19. Qxd4 Bc8 20. b4 Nb7 21. Qf4 $36 {[%mdl 2048] White is in control.} Re8 22. h4 Re5 23. Nd4 {aiming for Nc6.} Qf8 {[#]} (23... Re8 $16 {was called for.} 24. Rf3 f6) 24. Nc6 $1 $18 Bd7 25. Nxe5 dxe5 26. Qe3 ({Don't play} 26. Qxe5 $6 Qxb4 27. Raa1 Qc5 $18) 26... Nd6 $2 (26... Rc8 27. Qxb6 Qxb4 28. Qxb4 axb4) 27. Rc1 {White is clearly winning.} Rc8 28. bxa5 {[%cal Bb4a5,Ba5a6][%mdl 32]} Nxc4 {[#]} (28... Nf5 $142) 29. Rxc4 $1 {[%mdl 512]} Rxc4 30. a6 {Precision: White = 87%, Black = 29%.} 1-0

[Event "XII Americas Continental-ch 2017"]
[Site "Medellin"]
[Date "2017.06.14"]
[Round "6"]
[White "Cori, Jorge"]
[Black "Delgado Ramirez, Neuris"]
[Result "1-0"]
[WhiteElo "2618"]
[BlackElo "2613"]
[Annotator "TA"]
[PlyCount "57"]
[EventDate "2017.??.??"]
[EventType "swiss"]
[EventCountry "COL"]
[SourceTitle "playchess.com"]
[Source "ChessBase"]
[SourceQuality "1"]

{[%evp 12,57,41,27,26,25,41,18,39,28,45,40,64,56,60,31,79,80,86,81,81,68,73,55,71,45,53,42,75,66,82,92,89,91,117,118,97,84,108,85,433,429,700,702,654,490,675,666]} 1. d4 Nf6 2. Nf3 e6 3. c4 b6 4. g3 Bb4+ 5. Bd2 c5 6. Bg2 Bb7 7. O-O Bxd2 {E16: Queen's Indian: 4 g3 Bb7 5 Bg2 Bb4+} (7... O-O 8. Qb3 a5 9. Rd1 d5 10. dxc5 Bxc5 11. cxd5 Qxd5 12. Qxd5 Nxd5 13. Nc3 Nd7 14. Nxd5 Bxd5 15. Ne1 Bxg2 16. Kxg2 {½-½ (28) Ni,H (2675)-Bu,X (2713) China 2017}) 8. Qxd2 cxd4 9. Rd1 O-O {The position is equal.} 10. Qxd4 Nc6 11. Qd6 Qb8 12. Nc3 {[%cal Bb1c3,Bc3b5,Bb5d6][%mdl 32]} Rd8 13. Nb5 $146 ({Predecessor:} 13. b3 Qxd6 14. Rxd6 Kf8 15. Rad1 {½-½ (77) Koksal,E (2339)-Drazic,S (2439) Skopje 2015}) 13... a6 14. Qxb8 Raxb8 15. Nd6 Ba8 16. Ng5 Rf8 $1 17. Rd2 h6 18. Nge4 (18. Nf3 {looks sharper.} b5 19. c5 g5 20. Rc1 Kg7 21. e4) 18... Nxe4 19. Bxe4 Rfd8 20. Rad1 Kf8 21. f4 $36 {[%mdl 2048] White is on the roll.} Ke7 22. Kf2 g5 23. Bf3 f5 24. Bh5 {Hoping for Nf7.} Rf8 25. h4 Nd8 $2 {[%mdl 8192] [#]} (25... Rbd8 $16) 26. Nxf5+ $1 $18 {[%mdl 512] White is clearly winning.} exf5 (26... Rxf5 $142 27. Rxd7+ Kf6 28. Rxd8 Rxd8 29. Rxd8 Be4) 27. Rxd7+ Kf6 28. R1d6+ Ne6 29. Rh7 {Precision: White = 57%, Black = 41%.} 1-0

[Event "XII Americas Continental-ch 2017"]
[Site "Medellin"]
[Date "2017.06.14"]
[Round "6"]
[White "Sevian, Samuel"]
[Black "Bruzon Batista, Lazaro"]
[Result "1/2-1/2"]
[WhiteElo "2601"]
[BlackElo "2650"]
[Annotator "TA"]
[PlyCount "52"]
[EventDate "2017.??.??"]
[EventType "swiss"]
[EventCountry "COL"]
[SourceTitle "playchess.com"]
[Source "ChessBase"]
[SourceQuality "1"]

{[%evp 15,52,25,44,15,11,14,37,41,40,12,8,0,0,-15,-20,-37,-37,-39,-37,-41,-50,-53,-53,-53,-55,-50,-36,-47,-36,-31,-31,-54,-25,-52,-23,-91,-22,-20,-11]} 1. e4 e5 2. Nf3 Nc6 3. Bb5 Nf6 4. d3 {[%cal Bd2d3,Bd3d4,Bd4d5][%mdl 32]} d6 5. c3 Be7 6. O-O O-O 7. Re1 a6 8. Ba4 Re8 9. d4 {C84: Closed Ruy Lopez: Unusual White 6th moves} (9. Nbd2 Bf8 10. h3 Bd7 11. Nf1 Ne7 12. Bc2 c5 13. Ng3 Ng6 14. d4 cxd4 15. cxd4 exd4 16. Qxd4 Rc8 {½-½ (49) Topalov,V (2761)-Carlsen,M (2855) Paris 2016}) 9... b5 10. Bc2 Bb7 11. Nbd2 {White is slightly better.} Bf8 12. d5 Nb8 {[%cal Bc6b8,Bb8d7,Bd7c5][%mdl 32]} 13. h3 c6 14. c4 Qc7 15. dxc6 $146 ({Predecessor:} 15. b3 Nbd7 16. Nf1 Rec8 17. Ne3 g6 18. Bd2 a5 19. Rc1 bxc4 20. bxc4 cxd5 21. Nxd5 Qd8 22. Ba4 Nc5 23. Bg5 Be7 24. Bxf6 Bxf6 25. Bb5 Bxd5 26. Qxd5 Rab8 27. Rb1 Bg7 28. Qd2 {½-½ (28) Silva Filho,A (2032)-Nichols,S (2253) LSS email 2013}) 15... Bxc6 16. b3 Nbd7 17. Bb2 Qb7 18. Rc1 Nc5 {[%cal Rc5e4]} 19. Qe2 b4 20. Nh2 a5 21. a4 h5 22. Nhf1 g6 23. f3 Bh6 24. Qf2 Ne6 25. Ne3 (25. Rcd1 $11) 25... Rac8 (25... Qa7 $17) 26. Rcd1 Red8 {Precision: White = 49%, Black = 60%.} 1/2-1/2

[Event "XII Americas Continental-ch 2017"]
[Site "Medellin"]
[Date "2017.06.14"]
[Round "6"]
[White "Fier, Alexandr"]
[Black "Kovalyov, Anton"]
[Result "1/2-1/2"]
[WhiteElo "2576"]
[BlackElo "2643"]
[Annotator "TA"]
[PlyCount "61"]
[EventDate "2017.??.??"]
[EventType "swiss"]
[EventCountry "COL"]
[SourceTitle "playchess.com"]
[Source "ChessBase"]
[SourceQuality "1"]

{[%evp 10,61,-5,-1,45,6,69,74,64,60,65,58,79,87,91,93,87,92,126,93,86,90,85,87,85,81,110,120,147,154,147,150,146,100,92,95,114,95,70,81,124,91,108,100,138,141,143,104,97,0,0,0,0,0]} 1. d4 Nf6 2. c4 e6 3. Nc3 Bb4 4. Qc2 O-O 5. Nf3 c5 6. dxc5 Qc7 {E39: Nimzo-Indian: Classical: 4...c5 5 dxc5 0-0} (6... Na6 7. g3 Nxc5 8. Bg2 b6 9. O-O Bb7 10. Nb5 Be4 11. Qd1 Nb7 12. Bf4 a6 13. Nd6 Bxd6 14. Bxd6 Nxd6 15. Qxd6 Qb8 16. Rfd1 Qb7 {½-½ (71) Akobian,V (2661)-Bruzon Batista,L (2652) Saint Louis 2017}) 7. Bg5 (7. a3 $5 {[%cal Ra3b4]} Bxc3+ 8. Qxc3 $14) 7... Bxc5 $146 (7... Bxc3+ $1 $11 8. Qxc3 Ne4) ({Predecessor:} 7... Bxc3+ 8. Qxc3 Ne4 9. Qd4 Nxg5 10. Nxg5 Qa5+ 11. Qd2 Qxd2+ 12. Kxd2 Na6 13. Ne4 f5 14. Nc3 Nxc5 {0-1 (32) Endean,A (1784)-Jonsson,G (1505) IECC email 2003}) 8. Bxf6 $14 gxf6 {White is better.} 9. e3 Nc6 10. Qe4 Ne5 11. Qh4 Be7 12. Nxe5 Qxe5 13. Bd3 {[%csl Gd3][%cal Rh4h7] [#]} h5 14. Be2 $36 {[%mdl 2048] White is really pushing.} Kg7 15. Qxh5 f5 16. Qf3 Rh8 17. O-O-O Bf6 18. g4 fxg4 19. Rhg1 Rh4 20. h3 {[%cal Bh2h3,Bh3g4,Bg4g5][%mdl 32]} Rb8 21. hxg4 b6 22. g5 Be7 23. Bd3 {Black must now prevent Be4.} Bb7 24. Qe2 $1 Bb4 25. Nb5 {Threatens to win with f4.} Bc5 26. Bc2 ({Of course not} 26. Nxa7 Ra8 $11) 26... d5 27. cxd5 Bxd5 28. Nc3 Ba3 {[#]} 29. bxa3 ({White should play} 29. Rd3 $1 $16 Be4 30. g6 (30. bxa3 Bxd3 31. Qxd3 Rc8 $11) 30... Bxd3 31. Qxd3) 29... Qxc3 $11 30. Qd3 Qxd3 31. Bxd3 {Precision: White = 70%, Black = 66%.} 1/2-1/2

[Event "XII Americas Continental-ch 2017"]
[Site "Medellin"]
[Date "2017.06.14"]
[Round "6"]
[White "Ortiz Suarez, Isan Reynaldo"]
[Black "Tang, Andrew"]
[Result "1/2-1/2"]
[WhiteElo "2570"]
[BlackElo "2461"]
[Annotator "TA"]
[PlyCount "150"]
[EventDate "2017.??.??"]
[EventType "swiss"]
[EventCountry "COL"]
[SourceTitle "playchess.com"]
[Source "ChessBase"]
[SourceQuality "1"]

{[%evp 20,150,20,0,6,2,15,0,8,0,27,15,17,5,33,28,52,35,54,33,62,43,43,41,48,26,47,47,61,45,63,58,85,91,91,83,84,15,20,14,21,0,0,0,0,0,0,0,0,0,0,0,0,0,0,0,0,0,0,0,0,-14,-14,-11,-14,-17,-17,-17,-11,-48,0,-8,0,0,0,0,0,0,0,0,0,0,0,0,0,0,0,0,0,0,0,0,0,0,0,0,0,0,0,0,0,0,0,0,0,0,0,0,0,0,6,6,6,6,6,6,6,6,8,6,6,6,6,6,6,6,6,6,6,6,6,6,6]} 1. e4 e5 2. Nf3 Nc6 3. Bb5 {[%cal Bf1b5,Bb5a4,Ba4b3,Bb3a2][%mdl 32]} a6 4. Ba4 Nf6 5. O-O Be7 6. d3 b5 7. Bb3 d6 8. a3 O-O 9. Nc3 Na5 {C77: Ruy Lopez: 3...a6 4 Ba4 Nf6, unusual lines} (9... Nb8 10. Ne2 Nbd7 11. c3 Bb7 12. Ng3 c5 13. Re1 Rc8 14. Nf5 c4 15. dxc4 Bxe4 16. Nxe7+ Qxe7 17. cxb5 axb5 {1-0 (42) Kramnik,V (2811)-Harikrishna,P (2755) Shamkir 2017}) 10. Ba2 Be6 11. Bg5 {LiveBook: 7 Games} h6 12. Bxf6 $146 ({Predecessor:} 12. Bd2 c5 13. b4 Bxa2 14. Rxa2 Nc6 15. Nd5 Nxd5 16. exd5 Nd4 17. c4 {½-½ (35) Smirnov,T (2297)-Guliev,G (2053) St Petersburg 2015}) 12... Bxf6 13. b4 Nc6 14. Nd5 g6 15. c3 Bg7 16. a4 Kh7 17. Ne3 Qd7 18. Qc2 Rfb8 19. Bd5 Rc8 20. Ra3 Rab8 21. axb5 axb5 22. Qa2 Ne7 23. Bxe6 fxe6 24. Ra1 Rf8 25. Qe2 c5 26. Ra7 Rb7 27. Rxb7 Qxb7 28. Qa2 (28. bxc5 $16 dxc5 29. Qa2) 28... cxb4 $11 29. cxb4 Qd7 30. Qa6 Rc8 31. h4 Rc6 32. Qa2 Rc7 33. Qa6 Rc6 34. Qa8 {Threatening Ra7.} Rc7 35. Qa3 Nc6 36. Nc2 d5 (36... Ra7 $5 {[%cal Ra7a3]} 37. Qc3 Rc7 $11) 37. Qa6 dxe4 38. dxe4 Nd4 39. Ncxd4 exd4 40. e5 d3 {[#] Threatens to win with ...d2.} 41. Rd1 Qd5 42. Qd6 Rd7 43. Qxd5 Rxd5 {[%mdl 4096] Endgame KRB-KRN} 44. Ne1 d2 45. Nf3 {The position is equal.} Bxe5 46. Nxe5 Rxe5 47. Rxd2 {KR-KR} Re4 48. Rd7+ Kg8 49. g3 Kf8 50. Kg2 Rxb4 51. Rb7 Rb3 52. h5 gxh5 53. Rh7 Rc3 (53... h4 {looks sharper.} 54. gxh4 h5 55. Rxh5 Kg7 56. Rg5+ Kf6) 54. Rxh6 Rc6 (54... Ke7 {feels hotter.} 55. Rxh5 Rb3 56. g4 b4 57. Rb5 Rb1) 55. Rxh5 Rb6 56. Rh1 b4 {[%cal Bb5b4,Bb4b3][%mdl 32]} 57. Rb1 Ke7 58. Kf3 Kd6 59. Ke4 b3 60. Kd4 Rb5 61. Rb2 Rf5 62. f4 Rd5+ 63. Kc4 e5 64. Rxb3 {[#] White wants to mate with Rb6+.} Rc5+ 65. Kd3 {With the idea f5.} exf4 66. gxf4 Ke6 67. Ke4 Rc4+ 68. Kf3 Rc1 69. Rb5 Kf6 70. Rb8 Rf1+ 71. Kg3 Rg1+ 72. Kf2 $1 {[%cal Rf2g1]} Ra1 73. Rf8+ Kg7 74. Rf5 Kg6 75. Re5 Kf6 {Precision: White = 61%, Black = 66%.} 1/2-1/2

[Event "XII Americas Continental-ch 2017"]
[Site "Medellin"]
[Date "2017.06.14"]
[Round "6"]
[White "Flores, Diego"]
[Black "Quintiliano Pinto, Renato R"]
[Result "1/2-1/2"]
[WhiteElo "2567"]
[BlackElo "2483"]
[Annotator "TA"]
[PlyCount "82"]
[EventDate "2017.??.??"]
[EventType "swiss"]
[EventCountry "COL"]
[SourceTitle "playchess.com"]
[Source "ChessBase"]
[SourceQuality "1"]

{[%evp 23,82,-10,39,35,37,34,55,49,56,70,75,59,60,58,94,18,18,18,18,19,22,23,19,11,22,19,9,0,19,12,19,20,27,25,22,22,21,20,15,21,21,8,24,47,90,81,56,83,68,11,26,0,0,0,0,0,0,0,0,-6,0]} 1. Nf3 d5 2. c4 e6 3. d4 Nf6 4. Nc3 c6 5. Bg5 h6 6. Bxf6 Qxf6 7. e3 g6 8. Bd3 Bg7 9. O-O dxc4 10. Bxc4 Nd7 11. Rc1 O-O 12. Bb3 Rd8 {LiveBook: 3 Games. D43: Semi-Slav: 5 Bg5 h6} (12... Qe7 13. Na4 Rd8 14. Qc2 Nf8 15. Ne5 Bd7 16. Qc5 Qxc5 17. Nxc5 Rab8 18. f4 Be8 19. Rc2 Nh7 20. Rfc1 {½-½ (46) Topalov,V (2796)-Aronian,L (2750) Nice 2009}) 13. Qc2 Qe7 14. Ne2 Kh7 {White is slightly better.} 15. h4 $146 {[%cal Bh2h4,Bh4h5][%mdl 32]} ({Predecessor:} 15. Rfd1 e5 16. dxe5 Nxe5 17. Nxe5 Rxd1+ 18. Rxd1 Bxe5 19. Qd2 Bc7 20. Nd4 {½-½ (30) Verdier,P (2350)-Sanner,Z ICCF email 2001}) 15... e5 16. Ng3 Re8 17. h5 e4 18. Nd2 {[%cal Rc2e4]} Nf6 19. Qc5 (19. Qb1 $16) 19... Be6 $11 20. Qxe7 Rxe7 21. hxg6+ fxg6 22. Bxe6 Rxe6 23. Nb3 Re7 24. a3 h5 25. Rc5 Rf8 26. Nd2 Bh6 27. Re5 Rxe5 28. dxe5 Ng4 29. Nc4 b5 30. Na5 Nxf2 31. Rxf2 Bxe3 32. Nxe4 Rf4 33. Ng5+ Kh6 {[#]} 34. Nh3 $1 {[%cal Rh3f4]} Re4 35. Nxc6 Rc4 36. Nd8 ({White should try} 36. Nb4 $14) 36... g5 37. Nf7+ Kg6 {The position is equal.} 38. Nd6 Rc5 39. e6 {[#] Black must now prevent e7!} Re5 40. Nxg5 Bxg5 41. Kf1 Be7 {Precision: White = 64%, Black = 58%.} 1/2-1/2

[Event "XII Americas Continental-ch 2017"]
[Site "Medellin"]
[Date "2017.06.14"]
[Round "6"]
[White "Shabalov, Alexander"]
[Black "Valdes Romero, Leonardo"]
[Result "1-0"]
[WhiteElo "2556"]
[BlackElo "2407"]
[Annotator "TA"]
[PlyCount "111"]
[EventDate "2017.??.??"]
[EventType "swiss"]
[EventCountry "COL"]
[SourceTitle "playchess.com"]
[Source "ChessBase"]
[SourceQuality "1"]

{[%evp 18,111,16,-14,31,17,28,12,0,0,50,31,137,76,126,118,101,132,162,102,128,99,147,146,202,233,220,181,165,163,141,179,220,243,219,209,208,152,251,238,223,195,175,173,258,245,262,256,269,217,194,195,197,71,71,71,71,71,71,71,71,71,71,71,71,71,71,71,71,51,190,170,192,71,71,71,68,60,56,56,56,16,138,135,217,214,212,201,188,187,230,230,29974,29975,29977,29978]} 1. e4 d6 2. d4 Nf6 3. Nc3 e5 4. Nge2 Be7 5. g3 c6 6. Bg2 {B07: Pirc Defence: Miscellaneous Systems} O-O 7. a4 (7. O-O b5 8. a3 Nbd7 9. h3 a5 10. g4 Ba6 11. Ng3 exd4 12. Qxd4 b4 13. Nce2 d5 14. e5 Bxe2 15. Nxe2 Bc5 16. Qf4 Nxe5 17. Qxe5 {0-1 (43) Moiseenko,A (2707)-Caruana,F (2791) Dubai 2014}) 7... a5 8. O-O Na6 9. h3 Nb4 10. Be3 {LiveBook: 10 Games} Be6 11. f4 Bc4 12. Rf2 (12. b3 $5 {[%cal Rb3c4]} Ba6 13. Qd2 $14 (13. fxe5 dxe5 14. Rf5 exd4 $11)) 12... Re8 13. g4 {[%cal Bg3g4,Bg4g5][%mdl 32]} h6 $146 ({Predecessor:} 13... exd4 14. Nxd4 {0-1 (47) Sek,K (2463)-Khegay,D (2349) Ekaterinburg 2013}) 14. Ng3 Bf8 (14... exd4 $14 15. Bxd4 c5 16. Bxf6 Bxf6) 15. b3 $36 {[%mdl 2048] Keeping Black busy.} (15. g5 $142) 15... Ba6 16. g5 $1 {[%cal Rg5f6]} hxg5 17. fxg5 Nh7 18. h4 (18. g6 fxg6 19. dxe5 (19. Qf3 Qf6 $15) 19... Rxe5 $11) ({White should try} 18. d5 $18) 18... exd4 $16 19. Bxd4 {And now Rxf7 would win.} ({But not} 19. Qxd4 g6 $14) 19... c5 20. Be3 d5 (20... g6 $16 {was worth a try.}) 21. Qf3 $1 $18 {[%cal Rf3f7]} Qe7 {White must now prevent ...d4.} 22. Nf5 Qe5 23. Bf4 dxe4 24. Qh3 e3 25. Bxe5 exf2+ 26. Kxf2 Rxe5 27. Be4 Rae8 (27... g6 $16) 28. Qf3 $1 g6 29. Ng3 Bg7 30. Rd1 R5e7 (30... Nf8 {might work better.} 31. Nb5 Bxb5 32. axb5 R5e7) 31. Nd5 Nxd5 32. Bxd5 Bd4+ 33. Kg2 Be2 34. Nxe2 Rxe2+ 35. Kh1 (35. Kf1 $1 $18 {and the rest is easy.} Rf2+ 36. Qxf2 Bxf2 37. Kxf2) 35... Rf2 $16 36. Bxf7+ $1 Kf8 {[#]} 37. Qxf2 $1 ({Much weaker is} 37. Qxb7 Ree2 $11) 37... Bxf2 38. Bxe8 Kxe8 39. Kg2 Bd4 40. Kf3 {[%mdl 1024] White has strong compensation.} Nf8 41. Ke4 Ne6 42. Kd5 Kd7 43. Rf1 Nd8 {[#]} ({Better is} 43... Nc7+ $14 44. Kc4 Ne8) 44. Rf3 $1 $18 b6 45. Kc4 (45. c3 $18 Bh8 46. Kc4) 45... Kc6 $16 46. Rf8 Ne6 47. Rc8+ Kd7 48. Rg8 Bf2 $1 49. Kb5 Bxh4 (49... c4 $1 $11) 50. Kxb6 Be1 (50... Bxg5 $16 51. Kxa5 (51. Rxg6 Bd8+ 52. Kb5 Nd4+ 53. Kxc5 Nxc2 $11) 51... Be3) 51. Rxg6 $18 Bd2 52. Rg8 Nxg5 53. Kxc5 Ne6+ 54. Kb6 Nd4 $2 (54... Nf4 $18 55. c4 Bb4 56. Rg7+ Kc8) 55. Rg3 Be1 56. Rd3 {Precision: White = 68%, Black = 45%.} 1-0